The architecture of organizations as missed opportunity in political research (Record no. 517469)

000 -LEADER
fixed length control field 01520nam a22001577a 4500
008 - FIXED-LENGTH DATA ELEMENTS--GENERAL INFORMATION
fixed length control field 210715b ||||| |||| 00| 0 eng d
100 ## - MAIN ENTRY--PERSONAL NAME
Personal name Dohler, Marian
245 ## - TITLE STATEMENT
Title The architecture of organizations as missed opportunity in political research
260 ## - PUBLICATION, DISTRIBUTION, ETC. (IMPRINT)
Place of publication, distribution, etc Public Administration: An International Quarterly
300 ## - PHYSICAL DESCRIPTION
Extent 98(4), Dec, 2020: p.891-904
520 ## - SUMMARY, ETC.
Summary, etc Few scholars in political science or public administration deny that organization matters. However, the rare application of an organizational perspective in research suggests otherwise. To revive the awareness of organizations as unit or level of analysis, attributed and generic properties are distinguished. Attributed properties, which dominate research, assign functions and patterns of behaviour to an organization. In contrast, generic properties refer to the constitutive elements of organizations that take effect before attributed properties. This article takes a closer look at four generic properties by examining their often-implicit use in current political science and public administration research. The aim is to demonstrate that the formal dimension, the goals, the expertise of personnel and organizational boundaries exert an independent influence on the output of political or public sector organizations. – Reproduced

650 ## - SUBJECT ADDED ENTRY--TOPICAL TERM
Topical term or geographic name as entry element Political research, Public sector organizations
9 (RLIN) 26688
773 ## - HOST ITEM ENTRY
Main entry heading Public Administration: An International Quarterly
906 ## - LOCAL DATA ELEMENT F, LDF (RLIN)
Subject DIP PUBLIC ADMINISTRATION - RESEARCH
942 ## - ADDED ENTRY ELEMENTS (KOHA)
Item type Articles
Holdings
Withdrawn status Lost status Source of classification or shelving scheme Damaged status Not for loan Permanent location Current location Date acquired Serial Enumeration / chronology Barcode Date last seen Koha item type
          Indian Institute of Public Administration Indian Institute of Public Administration 2021-07-15 98(4), Dec, 2020: p.891-904 AR124772 2021-07-15 Articles

Powered by Koha